[Event "III Copa Marcel Duchamp 2019"]
[Site "Montevideo"]
[Date "2019.02.12"]
[Round "5.1"]
[White "Mareco, Sandro"]
[Black "Rodriguez Vila, Andres"]
[Result "0-1"]
[WhiteElo "2664"]
[BlackElo "2486"]
[Annotator "TA"]
[PlyCount "98"]
[EventDate "2019.02.09"]
[EventType "swiss"]
[EventCountry "URU"]
[SourceTitle "playchess.com"]
[Source "ChessBase"]
[SourceQuality "1"]

{[%evp 11,98,60,80,72,115,66,69,68,57,52,67,35,50,36,51,37,35,25,18,11,44,22,31,0,6,0,0,0,35,0,16,9,54,0,0,0,0,-87,-25,-60,0,0,0,0,0,0,0,-23,-33,-28,-8,-24,-25,-22,-27,-23,-21,-20,-21,-21,0,0,0,-24,-25,-37,-37,-37,-37,-37,-37,-56,-56,-64,-54,-54,-54,-65,-28,-28,-28,-28,-28,-28,-25,-25,-26,-404,-389]} 1. d4 e6 2. Nf3 b6 3. e4 Bb7 4. Bd3 c5 5. c3 d6 6. O-O Nd7 7. Re1 {B00: Queen's Fianchetto Defence, Nimzowitsch Defence} Ne7 (7... g6 8. Bf4 Qc7 9. Nbd2 e5 10. Bg3 Bg7 11. Bb5 O-O-O 12. Qa4 Kb8 13. Bxd7 Rxd7 14. dxe5 dxe5 15. Nxe5 Bxe5 16. Bxe5 Qxe5 17. Qxd7 {1-0 (51) Cramling,P (2507)-Kosteniuk,A (2527) Khanty-Mansiysk 2014}) 8. Nbd2 {[%cal Bb1d2,Bd2c4,Bc4e3,Be3f5,Bf5g3,Bg3e4][%mdl 32]} Ng6 9. d5 $146 {White is slightly better.} ({Predecessor:} 9. Nf1 Qc7 10. Bd2 Be7 11. Ng3 O-O 12. Qe2 Rfe8 13. Nh5 e5 14. dxe5 Ndxe5 15. Nxe5 dxe5 {1-0 (55) Njirjak,J (2382)-Jukic,Z (2317) Sibenik 2007}) 9... exd5 10. exd5+ Be7 11. Nc4 {[#] Strongly threatening Nxd6+.} O-O 12. Ne3 Nde5 13. Nxe5 Nxe5 14. Nf5 Bf6 15. Bc2 Qd7 16. Ng3 Rfe8 17. f4 Ng6 $1 18. Ne4 Bh4 19. g3 Be7 20. f5 Ne5 21. Bf4 Bf8 $1 22. b3 (22. f6 $14) 22... c4 $11 23. f6 g6 24. b4 {[#]} (24. h4 $1 $11) 24... a5 (24... b5 $1 $17) 25. a4 Nd3 (25... b5 $1 $15) 26. Bxd3 cxd3 27. Qxd3 {aiming for b5.} axb4 28. cxb4 Rxa4 29. Rxa4 Qxa4 30. Qd2 Qb3 31. Re3 Qxd5 32. Qxd5 Bxd5 33. Nc3 Be6 34. Nd5 h6 35. h4 ({Reject} 35. Nc7 Rc8 $17) 35... Rd8 36. Rd3 Kh7 37. b5 Ra8 38. Nxb6 Ra1+ 39. Kf2 Rb1 40. Nd5 g5 41. hxg5 hxg5 42. Be3 Rxb5 43. Ne7 $1 Rb2+ 44. Ke1 Bc4 45. Rc3 d5 {Threatening ...g4.} 46. Bxg5 Re2+ 47. Kd1 {Rxc4! is the strong threat.} Re5 48. Bf4 Re6 49. Rc2 $2 {[%mdl 8192]} (49. g4 $11 Bxe7 50. Rh3+ Kg8 51. fxe7) 49... Bb3 {Accuracy: White = 39%, Black = 75%.} 0-1

[Event "III Copa Marcel Duchamp 2019"]
[Site "Montevideo"]
[Date "2019.02.12"]
[Round "5.2"]
[White "Hernandez Guerrero, Gilberto"]
[Black "Ricardi, Pablo"]
[Result "1-0"]
[WhiteElo "2533"]
[BlackElo "2479"]
[Annotator "TA"]
[PlyCount "79"]
[EventDate "2019.02.09"]
[EventType "swiss"]
[EventCountry "URU"]
[SourceTitle "playchess.com"]
[Source "ChessBase"]
[SourceQuality "1"]

{[%evp 15,79,0,4,0,0,0,27,31,39,37,65,64,76,78,82,69,92,88,98,99,97,103,98,88,85,87,94,94,94,94,94,87,88,72,87,94,92,89,110,77,94,91,115,98,128,131,122,132,147,142,150,117,127,122,127,114,134,132,135,120,131,131,227,219,776,754]} 1. e4 c5 2. Nf3 d6 3. d4 cxd4 4. Nxd4 Nf6 5. Nc3 a6 6. Be2 e5 7. Nf3 Be7 8. Bg5 Nbd7 9. a4 {B92: Sicilian Najdorf: 6 Be2} h6 10. Be3 b6 (10... Ng4 11. Bc1 Ngf6 12. O-O Nc5 13. Nd2 O-O 14. b4 Ne6 15. Nc4 Nd4 16. Be3 Nxe2+ 17. Qxe2 {½-½ (40) Giri,A (2783)-Nepomniachtchi,I (2763) St Petersburg 2018}) 11. Nd2 {White has an edge.} Bb7 12. O-O $146 ({Predecessor:} 12. Bc4 Qc7 13. Qe2 Nc5 14. Bxc5 Qxc5 15. O-O O-O 16. Rfe1 Rfc8 {1-0 (63) Nihal,S (2576)-Adly,A (2626) Sitges 2018}) 12... Nc5 13. Bxc5 dxc5 14. Bc4 O-O 15. Qe2 Re8 16. Rfd1 Bf8 17. Nf1 Qc8 18. Ne3 Bc6 19. Ned5 (19. f3 {seems wilder.} Ra7 20. b3 Qb7 21. g3 Rb8 22. h4) 19... Nxd5 20. Bxd5 Bxd5 21. Nxd5 Qc6 22. c4 Rab8 23. h3 Rec8 24. b3 Rd8 25. Ra2 Rd6 26. Qh5 Qe8 27. Rd3 g6 28. Qf3 Qc6 29. Rad2 b5 30. axb5 axb5 31. Ra2 bxc4 32. bxc4 Ra8 33. Rda3 Rxa3 34. Rxa3 {Ra7 is the strong threat.} Qb7 35. Rb3 $40 {[%mdl 128] White is out for blood.} Qa7 36. Qc3 Bg7 37. Qb2 {And now Rb8+ would win.} Rd8 38. Rb7 Qa5 {[#]} (38... Qa6 $16) 39. Kh2 $1 $18 {Hoping for Ne7+.} h5 $2 (39... Rf8 40. Qb5 Qa3) 40. Ne7+ {Accuracy: White = 83%, Black = 44%.} 1-0

[Event "III Copa Marcel Duchamp 2019"]
[Site "Montevideo"]
[Date "2019.02.12"]
[Round "5.3"]
[White "Hoffman, Alejandro"]
[Black "Felgaer, Ruben"]
[Result "0-1"]
[WhiteElo "2461"]
[BlackElo "2562"]
[Annotator "TA"]
[PlyCount "98"]
[EventDate "2019.02.09"]
[EventType "swiss"]
[EventCountry "URU"]
[SourceTitle "playchess.com"]
[Source "ChessBase"]
[SourceQuality "1"]

{[%evp 18,98,12,0,5,0,0,0,0,0,11,-12,0,-31,-10,-10,0,0,-3,0,7,5,20,-25,-26,-19,-22,-35,-30,-45,-35,-41,-41,-43,-28,-31,-32,-68,-41,-46,-22,-83,-27,-31,-22,-50,-52,-43,-45,-59,-58,-108,-33,-33,-33,-33,-33,-54,-33,-40,-44,-65,-38,-77,-73,-112,-90,-135,-122,-175,-145,-381,-394,-389,-374,-433,-435,-418,-426,-431,-418,-412,-411]} 1. d4 d5 2. c4 c6 3. Nf3 Nf6 4. e3 Bf5 5. Nc3 e6 6. Bd3 Bg6 7. O-O Nbd7 8. Bxg6 {D12: Slav Defence: 3 Nf3 Nf6 4 e3 Bf5} hxg6 9. Qd3 Bb4 10. Bd2 {LiveBook: 7 Games. The position is equal.} Qe7 11. a3 $146 ({Predecessor:} 11. h3 O-O 12. a3 Bd6 13. e4 dxc4 14. Qxc4 e5 15. Be3 exd4 16. Bxd4 {½-½ (40) Anton Guijarro,D (2559)-Rodshtein,M (2691) Yerevan 2014}) 11... Bxc3 12. Bxc3 Ne4 13. h3 g5 {Threatens to win with ...g4!} 14. Nh2 (14. Bb4 $5 {[%cal Rb4e7]} Qf6 15. Nh2 $11) 14... Nxc3 15. Qxc3 (15. bxc3 {looks sharper.} Nb6 16. cxd5 cxd5 17. Rfb1 O-O 18. a4) 15... Nf6 16. cxd5 exd5 17. f3 O-O 18. Rfe1 Ne8 19. e4 {White wants to play exd5.} dxe4 20. Rxe4 Qd8 21. Rd1 Nf6 $36 {[%mdl 2048] Black has the initiative.} 22. Re5 Nd5 23. Qb3 f6 24. Re4 Qb6 25. Qc2 Rad8 26. Nf1 {[%cal Bh2f1,Bf1e3,Be3c4][%mdl 32]} Rfe8 27. Kh1 Kf7 (27... Nf4 $5 {[%cal Re8e4]} 28. Qc4+ Kf8 $15) 28. b4 g6 29. Qb3 (29. Nd2 $11 {keeps the balance.}) 29... Kg7 (29... f5 $1 $17 {[%cal Rf5e4]} 30. Re5 Rxe5 31. dxe5 Re8) 30. Ne3 Nf4 31. Nc4 Qc7 32. Qe3 $1 Qd7 33. Kg1 Re6 34. Nd2 f5 ({Black should try} 34... Nd5 $17 35. Qd3 f5 36. Rxe6 Qxe6) 35. Rxe6 $15 Qxe6 36. Qxe6 Nxe6 {[%mdl 4096] Endgame KRN-KRN} 37. Nb3 $1 Kf6 38. Kf2 b6 39. g3 Rd6 40. Rd2 Nc7 41. Rc2 Ke6 42. Ke3 {[#]} Kd5 $1 43. Kd3 {[#]} (43. a4 $17) 43... Re6 $1 $19 44. f4 $2 (44. Nc1 $17) 44... gxf4 45. gxf4 Re4 46. Nd2 Rxf4 47. Ke3 Rxd4 48. Nf3 Re4+ 49. Kf2 Ne6 {Precision: White = 44%, Black = 54%.} 0-1

[Event "III Copa Marcel Duchamp 2019"]
[Site "Montevideo"]
[Date "2019.02.12"]
[Round "5.4"]
[White "Tristan, Leonardo"]
[Black "Lujan, Carolina"]
[Result "1-0"]
[WhiteElo "2493"]
[BlackElo "2357"]
[Annotator "TA"]
[PlyCount "87"]
[EventDate "2019.02.09"]
[EventType "swiss"]
[EventCountry "URU"]
[SourceTitle "playchess.com"]
[Source "ChessBase"]
[SourceQuality "1"]

{[%evp 9,87,0,5,1,22,0,6,9,7,0,47,45,52,36,34,27,28,0,154,145,142,141,152,141,150,147,149,141,144,142,138,120,183,192,214,208,218,214,217,214,239,225,254,254,260,260,272,252,260,234,241,240,246,241,306,313,335,349,431,438,448,433,523,515,708,707,1800,1312,2608,2270,29990,29991,29991,29992,29993,29994,29994,29993,29993,29994]} 1. d4 Nf6 2. Bf4 d5 3. e3 e6 4. Nf3 Bd6 5. Bg3 O-O 6. c4 {D02: 1 d4 d5 2 Nf3 sidelines, including 2...Nf6 3 g3 and 2...Nf6 3 Bf4} (6. Nbd2 b6 7. c3 Ba6 8. Bxa6 Nxa6 9. Ne5 Nb8 10. f4 c5 11. Bh4 Be7 12. O-O Nfd7 13. Bxe7 Qxe7 14. Rf3 Nxe5 15. fxe5 {1-0 (29) Aronian,L (2767)-Giri,A (2782) chess.com INT 2018}) 6... c5 7. Nc3 cxd4 8. Nxd4 {The position is equal.} Bxg3 9. hxg3 e5 $146 ({Predecessor:} 9... Nc6 10. cxd5 Nxd5 11. Nxc6 bxc6 12. Qc2 h6 13. Bc4 Qa5 {½-½ (136) Georgiev,K (2623)-Piorun,K (2651) Katowice 2017}) 10. Nf3 {[%cal Rc4d5]} Bg4 11. Nxd5 (11. Qc2 {keeps more tension.} d4 12. exd4 exd4 13. O-O-O Nc6 14. Nb5) 11... e4 {Threatens to win with ...Nxd5.} 12. Nxf6+ Qxf6 {[%mdl 64] Pin} 13. Qc2 Bxf3 $2 (13... Nc6 $1 $11) 14. gxf3 $16 Qxf3 15. Rh4 Re8 {[#]} 16. Rf4 $1 {[%cal Rf4f3]} Qh5 17. Rxe4 $40 {[%cal Re4e8][%mdl 128] White goes for the king.} Qa5+ {[#]} 18. Ke2 $1 {[%cal Re4e8]} Nc6 19. Bg2 Red8 20. Qc3 Qc5 (20... Qxc3 $16 21. bxc3 Rac8) 21. Rg4 $18 {[%csl Gg4][%cal Rc3g7]} Ne5 22. b4 Qc7 23. Re4 f6 24. Rd4 Re8 25. Rad1 Kh8 26. Kf1 Rac8 27. c5 h6 28. Kg1 Qf7 29. Bd5 Qe7 30. Kg2 Rc7 31. Re4 {Strongly threatening f4.} f5 32. Rf4 Qf6 33. Qc2 Rf8 34. e4 g6 35. exf5 gxf5 {[#]} 36. Be4 $1 {[%cal Rf4f5][%mdl 512]} Ng6 (36... fxe4 37. Rxf6) 37. Rxf5 Nh4+ 38. gxh4 Rg8+ 39. Kf1 Qxh4 40. Qc3+ {White mates.} Rcg7 41. Rd6 Rd8 42. Rf7 {[%csl Gf7][%cal Rc3g7]} Rdg8 43. Rxg7 Rxg7 44. Rg6 {Accuracy: White = 73%, Black = 36%.} 1-0

[Event "III Copa Marcel Duchamp 2019"]
[Site "Montevideo"]
[Date "2019.02.12"]
[Round "5.5"]
[White "Fiora, Emilio"]
[Black "Salinas Herrera, Pablo"]
[Result "1-0"]
[WhiteElo "2190"]
[BlackElo "2477"]
[Annotator "TA"]
[PlyCount "95"]
[EventDate "2019.02.09"]
[EventType "swiss"]
[EventCountry "URU"]
[SourceTitle "playchess.com"]
[Source "ChessBase"]
[SourceQuality "1"]

{[%evp 12,95,14,11,19,0,18,16,16,10,11,16,19,0,45,45,45,45,45,45,46,46,100,96,134,116,124,120,164,131,202,192,379,360,501,501,638,630,1101,1118,1081,1000,981,692,661,633,628,484,466,482,476,478,443,469,531,531,513,510,519,515,687,691,647,643,596,612,612,606,593,525,681,658,1364,1339,1207,1202,921,818,958,900,29970,29970,29976,29978,29978,29977]} 1. e4 e5 2. Nf3 Nc6 3. Nc3 Nf6 4. Bb5 Bb4 5. O-O O-O 6. d3 Bxc3 7. bxc3 d6 {C49: Four Knights: 4 Bb5 Bb4} 8. Nd2 Bd7 9. f4 exf4 {The position is equal.} 10. Rxf4 Ne5 $146 ({Predecessor:} 10... Ne7 11. Bxd7 Nxd7 12. c4 Ne5 13. Bb2 f6 14. Nf1 Qd7 15. Ne3 {1-0 (41) Harikrishna,P (2763)-Eljanov,P (2765) Shamkir 2016}) 11. Bxd7 Qxd7 12. c4 Ng6 13. Rf5 Ne8 14. Bb2 f6 15. Nf1 Ne5 16. Ne3 g6 (16... Rb8 $14) 17. Rf2 Ng7 {[#]} 18. d4 $1 {[%cal Rd4e5]} Nc6 19. Nd5 Ne8 20. Qf1 Qg7 (20... Ne7 $16 {might work better.}) 21. Re1 $18 Nd8 $2 (21... b6 22. Qd3 Rd8) 22. e5 fxe5 23. dxe5 Rxf2 24. Qxf2 Nc6 {[%cal Rd6e5]} 25. e6 Ne5 26. Rf1 c6 27. Bxe5 dxe5 28. e7 {[#] Threatening mate with Qf8+.} Nd6 29. Nf6+ Kh8 30. c5 Qxe7 31. cxd6 Qxd6 32. Ne4 Qd4 33. Qxd4 exd4 {[%mdl 4096] Endgame KRN-KR} 34. Rf7 {White threatens Nf6 and mate.} Kg8 35. Rxb7 h5 36. Nf6+ Kf8 37. Rh7 Rd8 38. Rh8+ Ke7 39. Rxd8 Kxd8 {KN-KP} 40. Kf2 Kc7 41. Ne4 Kb6 42. Ke2 Kb5 43. Kd3 c5 44. Nd6+ Kb4 45. Nc4 a5 46. h4 {White mates.} a4 47. a3+ Kb5 48. Ne5 {Accuracy: White = 84%, Black = 34%.} 1-0

[Event "III Copa Marcel Duchamp 2019"]
[Site "Montevideo"]
[Date "2019.02.12"]
[Round "5.6"]
[White "El Ters, Antouan"]
[Black "Bitelmajer, Martin"]
[Result "0-1"]
[WhiteElo "2205"]
[BlackElo "2453"]
[Annotator "RC"]
[PlyCount "70"]
[EventDate "2019.02.09"]
[EventType "swiss"]
[EventCountry "URU"]
[SourceTitle "playchess.com"]
[Source "ChessBase"]
[SourceQuality "1"]
[TimeControl "5400+30"]

1. e4 e5 2. Nf3 Nc6 3. Bc4 Bc5 4. c3 Nf6 5. O-O d6 6. d4 Bb6 7. dxe5 Nxe5 8. Nxe5 dxe5 9. Qxd8+ Kxd8 10. Nd2 Ke7 11. b3 Bc5 12. b4 Bd6 13. Bb2 Rd8 14. Rfd1 a5 15. a3 Bd7 16. f3 b5 17. Bb3 c5 18. bxc5 Bxc5+ 19. Kf1 a4 20. Ba2 Be6 21. Bxe6 Kxe6 22. Ke2 Nd7 23. c4 b4 24. axb4 Bxb4 25. Ba3 Bxa3 26. Rxa3 Nc5 27. Nf1 Rxd1 28. Kxd1 Rb8 29. Kc2 g6 30. Nd2 f5 31. Ra2 Kd6 32. Rb2 Ra8 33. Kb1 Kc6 34. Rb5 Rd8 35. Kc2 Rd4 0-1

[Event "III Copa Marcel Duchamp 2019"]
[Site "Montevideo"]
[Date "2019.02.12"]
[Round "5.7"]
[White "Hernandez Amura, Gilberto"]
[Black "Roselli Mailhe, Bernardo"]
[Result "0-1"]
[WhiteElo "2199"]
[BlackElo "2434"]
[Annotator "TA"]
[PlyCount "80"]
[EventDate "2019.02.09"]
[EventType "swiss"]
[EventCountry "URU"]
[SourceTitle "playchess.com"]
[Source "ChessBase"]
[SourceQuality "1"]

{[%evp 14,80,35,26,27,0,8,14,66,60,63,44,65,52,38,10,29,20,12,-4,6,4,8,0,0,0,27,0,2,0,0,0,0,-14,-8,-18,-14,-27,-19,-25,-23,-13,-19,-43,-14,-38,-43,-35,-35,-50,-38,-38,-38,-38,-38,-38,-35,-35,-35,-47,-37,-258,-253,-233,-225,-297,-296,-29995,-29996]} 1. d4 Nf6 2. Nf3 g6 3. c4 Bg7 4. Nc3 O-O 5. Bg5 {[%cal Bc1g5,Bg5h4,Bh4g3][%mdl 32]} c5 6. e3 Qa5 7. Qd2 d6 8. Be2 {LiveBook: 6 Games. E61: King's Indian: Early deviations for White, including Smyslov System} h6 9. Bh4 (9. Bxf6 $5 exf6 10. Nb5 $14) 9... g5 10. Bg3 {The position is equal.} Nc6 $146 (10... Nh5 $11) ({Predecessor:} 10... Nh5 11. O-O Nxg3 12. hxg3 e6 13. Rad1 Bd7 14. Ne4 Qc7 15. g4 {1-0 (24) Chatalbashev,B (2490)-Louis,J (2080) Val Thorens 1996}) 11. d5 $14 Nb8 {[%cal Bc6b8,Bb8d7,Bd7f6][%mdl 32]} 12. O-O Nh5 $1 13. Qc2 {Hoping for Nxg5!} Nxg3 14. hxg3 a6 15. a4 Nd7 16. e4 (16. Rfd1 {seems wilder.} Nf6 17. Nd2 Bd7 18. Nb3 Qc7 19. a5) 16... Qc7 17. Nd1 Nf6 18. Nd2 e6 19. Ne3 exd5 20. exd5 Re8 21. Rfe1 Re7 22. Bd3 Bd7 23. Re2 Rae8 24. Rae1 Ng4 25. Ndf1 Bd4 26. Nxg4 Bxg4 27. Rxe7 Rxe7 28. Qd2 Qd7 29. Rxe7 Qxe7 30. Nh2 Bd7 31. b3 g4 32. Nf1 Kg7 33. Bc2 Qe5 34. Qd3 f5 {[%cal Bf7f5,Bf5f4,Bf4e3,Be3f2][%mdl 32]} 35. Ne3 {[%cal Re3f5]} Kf6 36. Kf1 h5 37. Ke2 $2 {[#]} ({White should play} 37. Bb1 $15) 37... h4 $1 $19 {[%mdl 512]} 38. gxh4 f4 39. Qh7 {Strongly threatening Bg6.} fxe3 40. Qxd7 $2 (40. Qh8+ $19 Kf7 41. Qxe5 Bxe5 42. Kxe3) 40... exf2+ {Precision: White = 42%, Black = 74%.} 0-1

[Event "III Copa Marcel Duchamp 2019"]
[Site "Montevideo"]
[Date "2019.02.12"]
[Round "5.8"]
[White "Benoit, Rodrigo"]
[Black "Diaz Hollemaert, Nahuel"]
[Result "0-1"]
[WhiteElo "2189"]
[BlackElo "2426"]
[Annotator "TA"]
[PlyCount "44"]
[EventDate "2019.02.09"]
[EventType "swiss"]
[EventCountry "URU"]
[SourceTitle "playchess.com"]
[Source "ChessBase"]
[SourceQuality "1"]

{[%evp 19,44,26,30,21,28,0,0,-24,-22,-27,-25,-26,-24,-25,-28,-38,-40,-48,-49,-211,-64,-47,-62,-352,-345,-346,-345]} 1. d4 Nf6 2. c4 e6 3. Nf3 b6 4. g3 Ba6 5. b3 c6 6. Bg2 d5 7. Nbd2 Nbd7 {E15: Queen's Indian: 4 g3 sidelines, 4 g3 Ba6 and 4 g3 Bb7 early deviations} 8. O-O Be7 (8... Rc8 9. Re1 Be7 10. e4 O-O 11. e5 Ne8 12. cxd5 cxd5 13. Bb2 Bd3 14. Rc1 Nc7 15. Re3 Bg6 16. Bf1 Nb8 17. a3 Qd7 18. Rec3 a6 19. Ne1 Nb5 20. Rxc8 Rxc8 21. a4 Na7 22. Nd3 {½-½ (22) Kasimdzhanov,R (2704)-Kovalyov,A (2616) Baku 2015}) 9. Re1 O-O 10. Bb2 c5 {LiveBook: 5 Games} 11. Ne5 {Threatening Nc6.} Rc8 $146 ({Predecessor:} 11... Bb7 12. Nxd7 Qxd7 13. dxc5 bxc5 14. cxd5 exd5 15. e4 dxe4 16. Bxf6 Bxf6 17. Nxe4 Bd4 18. Rc1 Rad8 19. Qh5 {½-½ (19) Kinnunen,K-Hautala,R Vaasa 1997}) 12. Nxd7 Qxd7 13. dxc5 Rxc5 {[%cal Rd5c4]} 14. cxd5 Nxd5 15. Ne4 Rc7 16. Be5 Rcc8 {aiming for ...Rfd8.} 17. Nc3 {[%cal Rg2d5]} Nf6 18. Bf3 $1 Rfd8 {Threatens to win with ...Qe8.} 19. Rc1 $2 {[#]} (19. Qb1 $15) 19... Ba3 (19... Qe8 $19 20. Qc2 Nd7) 20. Bxf6 $1 $15 gxf6 21. Ne4 $2 {[%mdl 8192]} (21. Qxd7 $1 $15 Rxd7 22. Ne4) 21... Rxc1 $19 22. Nxf6+ Kg7 {Precision: White = 22%, Black = 72%.} 0-1

[Event "III Copa Marcel Duchamp 2019"]
[Site "Montevideo"]
[Date "2019.02.12"]
[Round "5.9"]
[White "Gemy, Jose Daniel"]
[Black "Trois, Francisco R.T."]
[Result "1/2-1/2"]
[WhiteElo "2391"]
[BlackElo "2152"]
[Annotator "TA"]
[PlyCount "97"]
[EventDate "2019.02.09"]
[EventType "swiss"]
[EventCountry "URU"]
[SourceTitle "playchess.com"]
[Source "ChessBase"]
[SourceQuality "1"]

{[%evp 16,97,25,14,31,34,36,17,29,27,34,-12,-13,-13,24,15,50,62,61,47,77,77,141,45,54,40,46,47,63,0,0,0,0,-31,-28,-35,-18,-27,0,0,0,0,0,0,0,0,0,0,0,0,0,0,47,48,51,43,250,-91,-78,-91,-67,-167,-167,-193,-193,-193,-193,-193,-188,-170,-152,-137,-26,-139,-8,-8,-8,-8,-8,-52,-52,-52,-52,-53]} 1. e4 d6 2. d4 g6 3. c3 {[%cal Bc2c3,Bc3d4,Bd4d5][%mdl 32]} Nf6 4. Bd3 Bg7 5. Ne2 c5 6. O-O O-O 7. Nd2 {B07: Pirc Defence: Miscellaneous Systems} (7. h3 Nc6 8. Be3 cxd4 9. cxd4 Nb4 10. Nbc3 Nxd3 11. Qxd3 b6 12. d5 e5 13. dxe6 fxe6 14. Rfd1 Bb7 15. Qxd6 Qxd6 16. Rxd6 Nxe4 17. Rxe6 Nxc3 18. Nxc3 {½-½ (52) Nepomniachtchi,I (2632)-Smirin,I (2650) Netanya 2009}) 7... cxd4 8. cxd4 Nc6 9. h3 {LiveBook: 4 Games. White has an edge.} e5 10. d5 $1 {[%cal Rd5c6]} Nb4 11. Bb1 a5 12. a3 $146 ({Predecessor:} 12. Nc3 Bd7 13. Qe2 Rc8 {0-1 (65) Congiu,M (2212)-Levacic,D (2284) France 2009}) 12... Na6 13. b4 Bd7 14. Qb3 Nh5 15. Nc4 Nf4 16. Nxf4 exf4 17. Ra2 $1 axb4 18. axb4 g5 (18... b5 $142 19. Nxd6 g5) 19. h4 (19. Nxd6 $16 Qe7 20. Nxb7) 19... Bb5 $14 20. Rd1 Bxc4 21. Qxc4 h6 22. hxg5 (22. Qe2 $14) 22... hxg5 $11 23. Qb5 Qe7 24. Bd2 Be5 25. Qe2 Kg7 26. Qg4 Nc7 27. g3 Rxa2 28. Bxa2 {[%cal Rg3f4]} Qf6 29. Kg2 $36 {[%mdl 2048] Black is under pressure.} Rh8 30. gxf4 Bxf4 31. Bxf4 Qxf4 32. Qxf4 gxf4 {[%mdl 4096] Endgame KRB-KRN} 33. Kf3 Nb5 34. Bc4 Nc3 35. Rc1 Kf6 $2 (35... f5 $14) 36. Bf1 $2 (36. Kxf4 $18 Na4 37. Bb5 Rh4+ 38. Kg3 Rxe4 39. Bxa4) 36... Rc8 $1 $17 37. Bh3 Rc7 38. Rh1 {[#]} ({Better is} 38. Rg1 $15) 38... Ke5 $1 $19 39. Bf5 Nxe4 $1 40. Bxe4 {aiming for Rh5+. KRB-KR} Rc3+ 41. Kg4 Kxe4 {KR-KR} 42. Re1+ Kxd5 43. Re7 {[#]} f5+ $1 44. Kxf4 (44. Kxf5 $11 b5 45. Kxf4) 44... Rc4+ (44... b5 $17 {And now ...Rb3 would win.} 45. Re2 Rb3 46. Kxf5 Rxb4) 45. Kxf5 $11 Rxb4 46. f4 b5 {[%cal Bb7b5,Bb5b4][%mdl 32]} 47. Kg5 Rb1 $1 {White must now prevent ...b4.} 48. f5 b4 49. f6 {Precision: White = 46%, Black = 42%.} 1/2-1/2

[Event "III Copa Marcel Duchamp 2019"]
[Site "Montevideo"]
[Date "2019.02.12"]
[Round "5.10"]
[White "De Dovitiis, Alejo"]
[Black "Meza, Anahi"]
[Result "1-0"]
[WhiteElo "2353"]
[BlackElo "2058"]
[Annotator "TA"]
[PlyCount "77"]
[EventDate "2019.02.09"]
[EventType "swiss"]
[EventCountry "URU"]
[SourceTitle "playchess.com"]
[Source "ChessBase"]
[SourceQuality "1"]

{[%evp 10,77,32,12,43,50,53,54,115,110,125,58,100,92,105,100,97,64,52,61,118,110,286,259,308,310,352,355,335,225,222,207,221,177,195,192,191,150,121,107,587,583,562,561,852,825,802,790,765,512,466,279,272,259,270,239,605,529,516,496,954,258,260,252,420,370,2124,1783,29966,29966]} 1. e4 c5 2. Nf3 e6 3. c3 d5 4. e5 Nc6 5. d4 Qc7 6. a3 cxd4 {C02: French: Advance Variation} 7. cxd4 f6 {[%cal Rf6e5]} 8. Bf4 Bd7 $146 (8... Qf7 $14) ({Predecessor:} 8... fxe5 9. dxe5 Bc5 10. b4 Bb6 11. Bd3 Nge7 12. O-O O-O 13. g3 Nf5 14. Nc3 {0-1 (34) Amtmann,F (2170)-Diller,P (1990) Schweinfurt 2016}) 9. Nc3 $16 a6 10. Qd2 (10. Bd3 $16) 10... f5 11. Bd3 Nge7 12. h4 Na5 13. Qe2 Nb3 14. Rd1 Ng6 ({Black should try} 14... h6 $14) 15. Bg3 Bxa3 $2 (15... Qb6 $16 {might work better.}) 16. h5 Ne7 17. Qc2 Nxd4 18. Nxd4 Bc5 19. Nb3 Bb4 20. O-O Rc8 21. Qd2 Bxc3 22. bxc3 ({Stronger than} 22. Qxc3 Qb6 $17) 22... Qxc3 23. Qg5 {[#] Hoping for Bh4.} Qxb3 24. Bh4 $40 {[%csl Gh4][%cal Rg5e7][%mdl 128] White is out for blood.} Qb4 $2 {[%mdl 8192]} (24... O-O $16 {is more resistant.}) 25. Rb1 $18 h6 26. Qxg7 (26. Rxb4 $2 {perishes.} hxg5 27. Bxg5 b5 $19) 26... Qxh4 27. Qxh8+ Kf7 28. Qh7+ Ke8 29. Qxh6 Bc6 30. Qxe6 (30. Rfc1 $142 Qg4 31. Qxe6) 30... Qxh5 31. Qf6 d4 32. e6 Kd8 $2 (32... Qg6 33. Qh8+ Qg8) 33. Qxd4+ Ke8 34. Qf6 Nd5 (34... Qg6 $142 35. Qh8+ Qg8) 35. Qxf5 $2 (35. Qg7 Rc7 36. Qg8+ Ke7 37. Rfe1) 35... Qxf5 36. Bxf5 Nf4 $2 (36... Ke7 37. Rfc1 a5) 37. Rfe1 {[#] Threatens to win with g3.} Nxg2 $2 (37... Ke7 38. g3 Nh5) 38. e7 Nxe1 39. Rxe1 {Accuracy: White = 62%, Black = 27%.} 1-0